[Event "OL-NORD WEST 1718 Bremer SG - SV Lingen"]
[Site "?"]
[Date "2017.10.23"]
[Round "2.6"]
[White "Krajina, Davor"]
[Black "Gazic, Josip"]
[Result "0-1"]
[WhiteElo "2269"]
[BlackElo "2202"]
[PlyCount "66"]
[EventDate "2017.??.??"]

1. b3 b6 2. Bb2 Bb7 3. Nf3 e6 4. c4 Nf6 5. g3 Bxf3 6. exf3 Be7 7. Bg2 d5 8. O-O
O-O 9. f4 c6 10. Re1 Nbd7 11. Qc2 Rc8 12. f5 e5 13. d3 Bc5 14. Qd2 Re8 15. b4
Bf8 16. a3 d4 17. Qc2 c5 18. Nd2 cxb4 19. axb4 Bxb4 20. Rxa7 b5 21. Rc1 Nb6 22.
Ne4 Nxe4 23. Bxe4 bxc4 24. dxc4 Rxc4 25. Qb3 Qc8 26. Rca1 Bf8 27. Bd3 Qc6 28.
Bxc4 Nxc4 29. Rc1 Qb6 30. Qa2 Rc8 31. Ba1 Rc5 32. Rd7 Qc6 33. Rd8 Ne3 0-1

[Event "OL-NORD WEST 1718 Bremer SG - SV Lingen"]
[Site "?"]
[Date "2017.10.23"]
[Round "2.7"]
[White "Milosevic, Aleksandar"]
[Black "Giel, Olaf"]
[Result "0-1"]
[WhiteElo "2272"]
[BlackElo "2135"]
[PlyCount "82"]
[EventDate "2017.??.??"]

1. Nf3 g6 2. e4 Bg7 3. d4 c6 4. Nbd2 d6 5. Bd3 Nd7 6. O-O e5 7. dxe5 Nxe5 8.
Nxe5 dxe5 9. a4 Ne7 10. Qe2 O-O 11. Bc4 Kh8 12. Bb3 f5 13. exf5 Nxf5 14. c3 Nd6
15. Rd1 Qf6 16. Nf1 b6 17. Be3 Nf5 18. a5 bxa5 19. Bc5 Re8 20. Rxa5 Rb8 21. Bc4
Qg5 22. Rxa7 Nh4 23. Ng3 Bg4 24. f3 e4 25. Be3 exf3 26. Bxg5 fxe2 27. Re1 Nf5
28. Nxf5 gxf5 29. Bf7 Rf8 30. Bc1 Be5 31. Bc4 Rfe8 32. Bxe2 Bxe2 33. Rxe2 Bd4+
34. cxd4 Rxe2 35. Bf4 Rbxb2 36. Be5+ Kg8 37. Kf1 Rf2+ 38. Ke1 Rxg2 39. Kf1
Rbf2+ 40. Ke1 Ra2 41. Kf1 Rgb2 0-1

[Event "OL-NORD WEST 1718 Bremer SG - SV Lingen"]
[Site "?"]
[Date "2017.10.23"]
[Round "2.8"]
[White "Peters, Frank"]
[Black "Schlierf, Heiko"]
[Result "1/2-1/2"]
[WhiteElo "2097"]
[BlackElo "1846"]
[PlyCount "38"]
[EventDate "2017.??.??"]

1. c4 Nf6 2. Nf3 g6 3. g3 Bg7 4. Bg2 O-O 5. O-O d5 6. cxd5 Nxd5 7. d4 Nc6 8.
Nc3 Nxc3 9. bxc3 Bf5 10. Nh4 Bd7 11. f4 Na5 12. e4 c5 13. e5 cxd4 14. cxd4 Bc6
15. Be3 Bxg2 16. Kxg2 Qd5+ 17. Qf3 Rfd8 18. Rfc1 Nc4 19. Bf2 Qxf3+ 1/2-1/2

[Event "OL-NORD WEST 1718 SV Tempo Göttin. - N"]
[Site "?"]
[Date "2017.10.23"]
[Round "2.1"]
[White "Kroeze, Frank M"]
[Black "Armbrust, Florian"]
[Result "1-0"]
[WhiteElo "2397"]
[BlackElo "2320"]
[PlyCount "79"]
[EventDate "2017.??.??"]

1. e4 c5 2. Nf3 d6 3. d4 Nf6 4. Nc3 cxd4 5. Nxd4 Nc6 6. Bc4 e6 7. Be3 Be7 8.
Bb3 a6 9. f4 O-O 10. O-O Nxd4 11. Bxd4 b5 12. e5 dxe5 13. fxe5 Nd7 14. Ne4 Bb7
15. Nd6 Bxd6 16. exd6 Qg5 17. Qe2 Rad8 18. Rad1 Nf6 19. Bxf6 gxf6 20. Qf2 f5
21. Rd3 f4 22. Qd2 Qc5+ 23. Kh1 e5 24. Bd5 Bc8 25. b4 Qb6 26. Qc3 Bf5 27. Qc5
Qxc5 28. bxc5 Bxd3 29. cxd3 Rd7 30. Bc6 Ra7 31. Be4 Rd8 32. Rc1 Kg7 33. c6 Rxd6
34. c7 Rxc7 35. Rxc7 Rd4 36. Kg1 Ra4 37. Bd5 Rd4 38. Bxf7 Kf6 39. Bb3 Rxd3 40.
Rc6+ 1-0

[Event "OL-NORD WEST 1718 SV Tempo Göttin. - N"]
[Site "?"]
[Date "2017.10.23"]
[Round "2.2"]
[White "Petzold, Golo"]
[Black "Schulz, Jens"]
[Result "0-1"]
[WhiteElo "2271"]
[BlackElo "2191"]
[PlyCount "184"]
[EventDate "2017.??.??"]

1. d4 Nf6 2. c4 e6 3. Nf3 b6 4. g3 Bb4+ 5. Bd2 Be7 6. Bg2 Ba6 7. Ne5 c6 8. O-O
O-O 9. Nc3 d5 10. cxd5 cxd5 11. Qa4 Bb7 12. Rfc1 a6 13. Bg5 Nfd7 14. Bxe7 Qxe7
15. e4 Nxe5 16. dxe5 b5 17. Qc2 d4 18. Ne2 Nc6 19. Qc5 Qxc5 20. Rxc5 Rfd8 21.
Rd1 Rac8 22. f4 Kf8 23. Rd2 d3 24. Nc1 Nb4 25. Rc3 Rc4 26. Kf2 Rdc8 27. Nxd3
Nxa2 28. Ra3 Nb4 29. Nxb4 Rxb4 30. Rad3 Rbc4 31. Rd7 R4c7 32. Ke3 Ke8 33. R7d6
Rc2 34. Rd8+ Rxd8 35. Rxc2 Rd7 36. Bf3 Kd8 37. f5 Rc7 38. Rd2+ Ke7 39. Rd6 Rc5
40. fxe6 fxe6 41. Rb6 Bc8 42. h4 Rc2 43. Bg4 Rxb2 44. Rc6 Bd7 45. Rxa6 Rb3+ 46.
Kf4 Rb1 47. Rb6 b4 48. Be2 Kd8 49. Bd3 Rb2 50. Ba6 Kc7 51. Rb7+ Kc6 52. Rb8 Kc5
53. Bc8 Bxc8 54. Rxc8+ Kb5 55. Rb8+ Kc6 56. Ke3 b3 57. Kd4 Rd2+ 58. Kc3 Rg2 59.
Kxb3 Kc5 60. Rd8 Rxg3+ 61. Kc2 Rg4 62. Rd7 Rxh4 63. Rxg7 Kd4 64. Ra7 Rh2+ 65.
Kd1 Kxe5 66. Re7 h6 67. Ke1 Rg2 68. Kf1 Rg6 69. Kf2 Kxe4 70. Ra7 e5 71. Ra4+
Kf5 72. Kf3 Rb6 73. Ra3 h5 74. Kg3 Rb4 75. Rf3+ Rf4 76. Ra3 h4+ 77. Kg2 Kg4 78.
Ra8 h3+ 79. Kg1 e4 80. Rg8+ Kf3 81. Rh8 Ke2 82. Rxh3 Rg4+ 83. Kh2 e3 84. Rh8
Ke1 85. Kh3 Rg7 86. Re8 e2 87. Kh2 Rd7 88. Ra8 Kd2 89. Ra2+ Ke3 90. Ra3+ Rd3
91. Ra8 Kf2 92. Kh1 Rh3# 0-1

[Event "OL-NORD WEST 1718 SV Tempo Göttin. - N"]
[Site "?"]
[Date "2017.10.23"]
[Round "2.3"]
[White "Plasman, Hans"]
[Black "Kyas, Marcel"]
[Result "1-0"]
[WhiteElo "2206"]
[BlackElo "2202"]
[PlyCount "67"]
[EventDate "2017.??.??"]

1. d4 d5 2. Bf4 Nf6 3. e3 e6 4. Nd2 c5 5. c3 Nc6 6. Bd3 Be7 7. Ngf3 Nh5 8. Bg3
g6 9. Qe2 c4 10. Bc2 b5 11. e4 O-O 12. O-O Re8 13. a3 a5 14. b3 cxb3 15. Bxb3
Ba6 16. Qe3 b4 17. Ba4 Rc8 18. Rfc1 bxa3 19. Bf4 Nxf4 20. Qxf4 Rf8 21. e5 Na7
22. h4 Nb5 23. Qe3 Rc7 24. g3 Qc8 25. c4 dxc4 26. Ne4 Qd8 27. g4 Qd5 28. Nf6+
Bxf6 29. exf6 Nxd4 30. Nxd4 Bb7 31. f3 e5 32. Qh6 Qxd4+ 33. Kf1 Qd3+ 34. Ke1
1-0

[Event "OL-NORD WEST 1718 SV Tempo Göttin. - N"]
[Site "?"]
[Date "2017.10.23"]
[Round "2.4"]
[White "Schmidt, Alexander"]
[Black "Oehne, Timo"]
[Result "1-0"]
[WhiteElo "2115"]
[BlackElo "2136"]
[PlyCount "103"]
[EventDate "2017.??.??"]

1. e4 c5 2. Nf3 Nc6 3. Nc3 d6 4. d4 cxd4 5. Nxd4 e5 6. Nf3 Bg4 7. Be2 Nf6 8.
Be3 Be7 9. Qd3 O-O 10. a3 Bh5 11. Nd5 Bg6 12. Nxf6+ Bxf6 13. O-O-O Be7 14. g4
Rc8 15. Kb1 Qc7 16. c4 Na5 17. Nd2 Rfd8 18. Rc1 Nc6 19. h4 h6 20. h5 Bh7 21. g5
hxg5 22. Bg4 Rb8 23. Bf5 Nd4 24. Bxd4 exd4 25. Nf3 Bxf5 26. exf5 Bf6 27. h6 b5
28. hxg7 bxc4 29. Rxc4 Qe7 30. Nxg5 Qb7 31. Rh8+ Kxg7 32. Rh7+ Kf8 33. Rb4 Qe7
34. Qh3 Bxg5 35. Rxb8 Rxb8 36. Rh8+ Kg7 37. Rxb8 Qe4+ 38. Ka1 Kf6 39. Rb4 Qe1+
40. Ka2 Qxf2 41. Rxd4 Ke5 42. Rb4 a6 43. Qd3 Qxf5 44. Qxa6 Qe6+ 45. Rb3 f5 46.
Qd3 d5 47. Rb5 f4 48. a4 Qf7 49. Qf3 Kd6 50. a5 Bd8 51. a6 d4+ 52. b3 1-0

[Event "OL-NORD WEST 1718 SV Tempo Göttin. - N"]
[Site "?"]
[Date "2017.10.23"]
[Round "2.5"]
[White "Baisakow, Alexander"]
[Black "Holloway, Timo"]
[Result "1-0"]
[WhiteElo "2186"]
[BlackElo "2110"]
[PlyCount "95"]
[EventDate "2017.??.??"]

1. e4 c5 2. Nf3 e6 3. d4 cxd4 4. Nxd4 a6 5. Bd3 Nf6 6. O-O Qc7 7. Re1 d6 8. c3
Nbd7 9. Nd2 g6 10. f4 Bg7 11. N2f3 O-O 12. h3 e5 13. fxe5 dxe5 14. Nb3 Nh5 15.
Be3 b6 16. Qc2 Bb7 17. Qf2 Nf4 18. Bc2 Rac8 19. Rad1 Nc5 20. Nxc5 bxc5 21. Rd2
c4 22. Red1 Rfd8 23. Kh2 Rxd2 24. Qxd2 Nd3 25. Bxd3 Rd8 26. Qc2 cxd3 27. Rxd3
Rd6 28. Rxd6 Qxd6 29. c4 Qc6 30. Qd3 h6 31. b4 Qxe4 32. Qxe4 Bxe4 33. b5 axb5
34. cxb5 Kf8 35. Nd2 Bd5 36. a4 Ke7 37. a5 e4 38. a6 f5 39. b6 Be5+ 40. g3 g5
41. b7 f4 42. gxf4 gxf4 43. Bc5+ Kd7 44. Nc4 Bc7 45. Nb6+ Kc6 46. Nxd5 Kxd5 47.
a7 f3+ 48. Kg1 1-0

[Event "OL-NORD WEST 1718 SV Tempo Göttin. - N"]
[Site "?"]
[Date "2017.10.23"]
[Round "2.6"]
[White "Seemann, Semjon"]
[Black "Hoellmann, Ludger"]
[Result "1/2-1/2"]
[WhiteElo "2084"]
[BlackElo "2111"]
[PlyCount "105"]
[EventDate "2017.??.??"]

1. e4 e5 2. Nf3 Nc6 3. Bb5 a6 4. Ba4 Nf6 5. d3 d6 6. c3 g6 7. O-O Bg7 8. Bg5 h6
9. Bh4 O-O 10. Re1 Bd7 11. d4 b5 12. dxe5 Nxe5 13. Nxe5 dxe5 14. Bb3 Bc6 15.
Nd2 Qd6 16. Qe2 Nh5 17. Rad1 Nf4 18. Qe3 g5 19. Nf3 Qe7 20. Bg3 Bb7 21. Bxf4
exf4 22. Qe2 c5 23. Bd5 Rad8 24. Bxb7 Qxb7 25. Qc2 Rfe8 26. Rxd8 Rxd8 27. h3
Qd7 28. Re2 Qd1+ 29. Qxd1 Rxd1+ 30. Re1 Rd7 31. a3 Kf8 32. Kf1 Ke7 33. Ke2 Ke6
34. Rd1 Rxd1 35. Kxd1 f5 36. exf5+ Kxf5 37. Ke2 h5 38. Nd2 g4 39. hxg4+ hxg4
40. Kd3 c4+ 41. Ke2 Bf8 42. a4 Bg7 43. axb5 axb5 44. f3 Bf8 45. b3 cxb3 46.
Nxb3 gxf3+ 47. gxf3 Ke5 48. Nd4 Kd5 49. Kd3 b4 50. cxb4 Bxb4 51. Ne2 Bd6 52.
Nxf4+ Bxf4 53. Kc3 1/2-1/2

[Event "OL-NORD WEST 1718 SV Tempo Göttin. - N"]
[Site "?"]
[Date "2017.10.23"]
[Round "2.7"]
[White "Wiebe, Patrick"]
[Black "Liebig, Stefan"]
[Result "1-0"]
[WhiteElo "2239"]
[BlackElo "2116"]
[PlyCount "43"]
[EventDate "2017.??.??"]

1. c4 f5 2. g3 e6 3. Bg2 Nf6 4. d3 d5 5. Nf3 Bd6 6. Nc3 O-O 7. O-O c6 8. e4
fxe4 9. dxe4 Bb4 10. Bg5 Bxc3 11. bxc3 h6 12. Bxf6 Qxf6 13. cxd5 exd5 14. Qb3
Qf7 15. Ne5 Qe6 16. exd5 Qxe5 17. Rae1 Qf6 18. dxc6+ Kh8 19. cxb7 Bxb7 20. Bxb7
Nc6 21. Bxa8 Rxa8 22. Re6 1-0

[Event "OL-NORD WEST 1718 SV Tempo Göttin. - N"]
[Site "?"]
[Date "2017.10.23"]
[Round "2.8"]
[White "Markgraf, Stefan"]
[Black "Scheffner, Jarno"]
[Result "1-0"]
[WhiteElo "2088"]
[BlackElo "1801"]
[PlyCount "105"]
[EventDate "2017.??.??"]

1. e4 c5 2. c3 d5 3. exd5 Nf6 4. d4 Nxd5 5. Nf3 Nc6 6. Bb5 Bd7 7. dxc5 e6 8.
Bxc6 Bxc6 9. O-O Bxc5 10. Ne5 Qc7 11. Nxc6 Qxc6 12. Nd2 Rd8 13. Qf3 O-O 14. Ne4
Be7 15. Be3 Nxe3 16. Qxe3 Qc4 17. Nd2 Qb5 18. Nb3 b6 19. Rfe1 Bf6 20. Qe2 Qxe2
21. Rxe2 Rd5 22. Kf1 Rfd8 23. Ke1 Rb5 24. Rd1 Rxd1+ 25. Kxd1 Kf8 26. Kc2 Ke7
27. Nd2 Bg5 28. Nf3 Bf6 29. Re4 Ra5 30. a3 Kd6 31. Nd2 Rf5 32. Re2 Kd5 33. c4+
Kc6 34. b4 a6 35. f3 a5 36. Ne4 Be7 37. Kb3 Re5 38. Nc3 Bd6 39. h3 axb4 40.
axb4 Rg5 41. Ne4 Re5 42. Rd2 Be7 43. Re2 Rf5 44. Ra2 Kb7 45. Nc3 Bd6 46. Nb5
Bb8 47. Rd2 Kc8 48. Nd4 Re5 49. Nc6 Re3+ 50. Ka4 Bf4 51. Kb5 Kc7 52. Ra2 Rc3
53. Ra7+ 1-0

[Event "OL-NORD WEST 1718 SV Werder Bremen - SV"]
[Site "?"]
[Date "2017.10.23"]
[Round "2.1"]
[White "Lingnau, Carsten"]
[Black "Buchal, Stephan"]
[Result "1-0"]
[WhiteElo "2421"]
[BlackElo "2347"]
[PlyCount "121"]
[EventDate "2017.??.??"]

1. d4 g6 2. c4 Bg7 3. Nf3 d6 4. Nc3 Nf6 5. g3 O-O 6. Bg2 Nc6 7. O-O a6 8. b3
Rb8 9. d5 Na5 10. Bg5 c5 11. dxc6 bxc6 12. c5 h6 13. Bd2 d5 14. Bf4 Rb4 15. Be5
Bg4 16. Nd4 Re8 17. h3 Bd7 18. Nc2 Rb7 19. g4 h5 20. f3 hxg4 21. fxg4 Rf8 22.
Qd4 Ne8 23. Bxg7 Nxg7 24. e4 Ne6 25. Qf2 dxe4 26. Nxe4 Bc8 27. Ne3 Rd7 28. b4
Nb7 29. Nc4 Qc7 30. Qg3 Qxg3 31. Nxg3 Rd4 32. Ne5 Nbd8 33. a3 a5 34. Ne2 Rd2
35. Rfe1 axb4 36. axb4 Nd4 37. Nxd4 Rxd4 38. Re4 Rd2 39. Rf4 Be6 40. Ra7 g5 41.
Rf2 Rd1+ 42. Rf1 Rd4 43. Rb1 Bd5 44. Rd7 e6 45. b5 cxb5 46. Bxd5 Rxd5 47. Rxd5
exd5 48. Nd7 Re8 49. Nf6+ Kf8 50. Nxe8 Kxe8 51. Rxb5 Kd7 52. Rb6 Nc6 53. Kf2
Kc7 54. Kg3 Kd7 55. h4 gxh4+ 56. Kxh4 d4 57. Kg3 d3 58. Kf2 Ne5 59. g5 Nc4 60.
Rf6 Ne5 61. Ke1 1-0

[Event "OL-NORD WEST 1718 SV Werder Bremen - SV"]
[Site "?"]
[Date "2017.10.23"]
[Round "2.2"]
[White "Steffens, Olaf"]
[Black "Ewert, Hannes"]
[Result "0-1"]
[WhiteElo "2260"]
[BlackElo "2285"]
[PlyCount "44"]
[EventDate "2017.??.??"]

1. h3 d5 2. a3 e5 3. c4 Nf6 4. cxd5 Nxd5 5. Nf3 Nc6 6. e4 Nf6 7. Nc3 Bd6 8. Bc4
O-O 9. O-O a6 10. d3 h6 11. Be3 Re8 12. Nh4 Bf8 13. f4 exf4 14. Rxf4 Ne5 15.
Ba2 Nxd3 16. Bxf7+ Kxf7 17. Qh5+ Kg8 18. Rxf6 Qxf6 19. Qxe8 Qxh4 20. Nd5 Bxh3
21. Nf6+ Qxf6 22. Qxa8 Qg6 0-1

[Event "OL-NORD WEST 1718 SV Werder Bremen - SV"]
[Site "?"]
[Date "2017.10.23"]
[Round "2.3"]
[White "Stock, Joerg"]
[Black "Lai Hop, Duong"]
[Result "1/2-1/2"]
[WhiteElo "2203"]
[BlackElo "2181"]
[PlyCount "135"]
[EventDate "2017.??.??"]

1. e4 c6 2. d4 d5 3. Nd2 dxe4 4. Nxe4 Nd7 5. Ng5 Ngf6 6. Bd3 e6 7. Qe2 h6 8.
N5f3 Bd6 9. Bd2 Qc7 10. h4 b6 11. Nh3 Bb7 12. O-O-O O-O-O 13. Rhe1 c5 14. Ne5
Rhf8 15. Nc4 cxd4 16. Nxd6+ Qxd6 17. f3 Nd5 18. Kb1 Qg3 19. Be4 Qxh4 20. Qc4+
Kb8 21. Qxd4 e5 22. Qg1 f5 23. Bd3 Qf6 24. c4 Ne7 25. Bc3 g5 26. f4 Ng6 27. g3
Qe7 28. fxg5 hxg5 29. g4 Nh4 30. Bxf5 Nf3 31. Qg3 Nxe1 32. Rxe1 Ka8 33. Qe3 Rg8
34. Nf2 Qc5 35. Qe2 Rge8 36. Ne4 Qe7 37. Qe3 Rg8 38. Rh1 Nf6 39. Re1 Nxe4 40.
Bxe4 Bxe4+ 41. Qxe4+ Qb7 42. Qf5 Qc6 43. b3 Rdf8 44. Qxe5 Re8 45. Qg3 Rxe1+ 46.
Qxe1 Re8 47. Qd2 Qe4+ 48. Kb2 Qe2 49. Ka3 Qxd2 50. Bxd2 Re5 51. Kb4 Kb7 52. Kc3
Kc6 53. Kd4 Kd6 54. b4 Ke6 55. Be3 a6 56. c5 bxc5+ 57. bxc5 Kf6 58. c6 Re6 59.
Bxg5+ Kxg5 60. Kd5 Re2 61. c7 Rc2 62. Kd6 Kxg4 63. a4 a5 64. Kd7 Rd2+ 65. Kc6
Rc2+ 66. Kb7 Rb2+ 67. Ka7 Rc2 68. Kb7 1/2-1/2

[Event "OL-NORD WEST 1718 SV Werder Bremen - SV"]
[Site "?"]
[Date "2017.10.23"]
[Round "2.4"]
[White "Elmali, Timur"]
[Black "Happe, Reinhold"]
[Result "1/2-1/2"]
[WhiteElo "2126"]
[BlackElo "2119"]
[PlyCount "69"]
[EventDate "2017.??.??"]

1. d4 d5 2. c4 c6 3. Nc3 Nf6 4. e3 Bf5 5. Qb3 Qb6 6. Qxb6 axb6 7. cxd5 Nxd5 8.
Nxd5 cxd5 9. Bb5+ Nc6 10. Nf3 Bd7 11. Bd2 e6 12. O-O Bd6 13. Bc3 Na7 14. Bd3
Bb5 15. Rfd1 Bxd3 16. Rxd3 Kd7 17. Ne5+ Ke7 18. Be1 f6 19. Nf3 Nc6 20. Rb3 Ra6
21. Bc3 Rc8 22. Kf1 Kd7 23. Ke2 Ne7 24. h3 Rc7 25. Ne1 Rc4 26. Kd3 Rc8 27. f3
Bg3 28. Nc2 Bd6 29. Bb4 Nc6 30. Bxd6 Kxd6 31. Na3 Kd7 32. Rc3 Ra5 33. Rb3 Ra6
34. Rc3 Ra5 35. Rb3 1/2-1/2

[Event "OL-NORD WEST 1718 SV Werder Bremen - SV"]
[Site "?"]
[Date "2017.10.23"]
[Round "2.5"]
[White "zur Lage, Julian"]
[Black "Krallmann, Matthias"]
[Result "1/2-1/2"]
[WhiteElo "2156"]
[BlackElo "2146"]
[PlyCount "44"]
[EventDate "2017.??.??"]

1. d4 d5 2. Nf3 Nf6 3. c4 dxc4 4. e3 e6 5. Bxc4 c5 6. O-O a6 7. Bb3 Nbd7 8. a4
Qc7 9. Nc3 Bd6 10. e4 cxd4 11. Qxd4 Ne5 12. Be3 Nxf3+ 13. gxf3 Bxh2+ 14. Kh1
Bd7 15. Rac1 Bc6 16. Ne2 Rd8 17. Qc5 Qe5 18. Bd4 Qxc5 19. Rxc5 Bd6 20. Rg5 Bf8
21. Rd1 h6 22. Rgg1 Rd7 1/2-1/2

[Event "OL-NORD WEST 1718 SV Werder Bremen - SV"]
[Site "?"]
[Date "2017.10.23"]
[Round "2.6"]
[White "Brinkmann, Fabian"]
[Black "Weist, Thorben"]
[Result "1/2-1/2"]
[WhiteElo "2087"]
[BlackElo "1975"]
[PlyCount "42"]
[EventDate "2017.??.??"]

1. d4 Nf6 2. c4 e6 3. Nf3 Bb4+ 4. Nbd2 c5 5. a3 Bxd2+ 6. Qxd2 cxd4 7. Nxd4 d5
8. e3 O-O 9. Be2 b6 10. O-O Bb7 11. Bf3 Qe7 12. cxd5 Bxd5 13. Bxd5 Nxd5 14. b4
Nd7 15. Bb2 Rac8 16. Rfd1 N7f6 17. Qe2 Nc3 18. Bxc3 Rxc3 19. Nb5 Rcc8 20. Rac1
Rfd8 21. Rxd8+ Qxd8 1/2-1/2

[Event "OL-NORD WEST 1718 SV Werder Bremen - SV"]
[Site "?"]
[Date "2017.10.23"]
[Round "2.7"]
[White "Bade, Hans-Juergen"]
[Black "Wachinger, Nikolas"]
[Result "0-1"]
[WhiteElo "1996"]
[BlackElo "2048"]
[PlyCount "76"]
[EventDate "2017.??.??"]

1. e4 c5 2. Nc3 a6 3. Nf3 d6 4. d4 cxd4 5. Nxd4 Nf6 6. f4 Nbd7 7. Qf3 g6 8. Be3
Qc7 9. Bd3 b5 10. O-O Bb7 11. Rae1 Bg7 12. Kh1 O-O 13. Bg1 Rfe8 14. a3 e5 15.
Nde2 Nb6 16. fxe5 dxe5 17. Be3 Nc4 18. Bg5 Re6 19. Bc1 Qc5 20. g4 Rf8 21. Ng3
Nxa3 22. g5 Nd7 23. Nd5 Nxc2 24. Bxc2 Qxc2 25. Rd1 Bxd5 26. exd5 Ree8 27. Ne4
Nc5 28. Nf6+ Bxf6 29. gxf6 Rd8 30. b4 Nb3 31. Be3 Qc4 32. Qh3 h5 33. Qg3 Rxd5
34. Rxd5 Qxd5+ 35. Kg1 Nd4 36. Qg5 Nf3+ 37. Rxf3 Qxf3 38. Qh6 Qxf6 0-1

[Event "OL-NORD WEST 1718 SV Werder Bremen - SV"]
[Site "?"]
[Date "2017.10.23"]
[Round "2.8"]
[White "Franke, Reiner"]
[Black "Ernst, Franz"]
[Result "1-0"]
[WhiteElo "2255"]
[BlackElo "1977"]
[PlyCount "113"]
[EventDate "2017.??.??"]

1. Nf3 d5 2. c4 e6 3. g3 c5 4. Bg2 Nf6 5. O-O Be7 6. b3 O-O 7. e3 Nc6 8. Qe2 h6
9. Rd1 Qc7 10. Nc3 a6 11. Bb2 d4 12. exd4 cxd4 13. Ne4 e5 14. Nxf6+ Bxf6 15.
Ba3 Re8 16. d3 Bg4 17. h3 Bh5 18. g4 Bg6 19. Nd2 Qa5 20. Bd6 Re6 21. c5 Rd8 22.
Nc4 Qb4 23. a3 Qb5 24. Bd5 Ree8 25. b4 e4 26. dxe4 d3 27. Qxd3 Bxa1 28. Rxa1
Ne7 29. Bxe7 Rxe7 30. Re1 Red7 31. Qc3 Rxd5 32. exd5 Rxd5 33. Ne5 Kh7 34. Qf3
Rd2 35. Nxg6 fxg6 36. Re7 Rd7 37. Rxd7 Qxd7 38. Qe4 Qf7 39. h4 Kg8 40. Kg2 Qf6
41. Qxb7 Qxh4 42. Qe4 h5 43. c6 hxg4 44. Qf4 Qh3+ 45. Kg1 Qc3 46. c7 g5 47. Qg3
Qc1+ 48. Kh2 Qc6 49. a4 Kh7 50. b5 axb5 51. axb5 Qh6+ 52. Kg1 Qe6 53. Qd3+ Kh6
54. Qc3 Qc8 55. b6 g3 56. Qxg3 g6 57. b7 1-0

[Event "OL-NORD WEST 1718 Hamelner SV - Delmenh"]
[Site "?"]
[Date "2017.10.23"]
[Round "2.1"]
[White "Korsus, Bernd"]
[Black "Bode, Wilfried"]
[Result "1/2-1/2"]
[WhiteElo "2333"]
[BlackElo "2345"]
[PlyCount "22"]
[EventDate "2017.??.??"]

1. Nf3 c5 2. c4 g6 3. g3 Bg7 4. Bg2 Nc6 5. O-O e6 6. Nc3 Nge7 7. Rb1 O-O 8. a3
d5 9. cxd5 exd5 10. d3 b6 11. Bg5 Be6 1/2-1/2

[Event "OL-NORD WEST 1718 Hamelner SV - Delmenh"]
[Site "?"]
[Date "2017.10.23"]
[Round "2.2"]
[White "Tonndorf, Matthias"]
[Black "Hoeffer, David"]
[Result "0-1"]
[WhiteElo "2285"]
[BlackElo "2278"]
[PlyCount "96"]
[EventDate "2017.??.??"]

1. Nf3 Nf6 2. b3 d6 3. Bb2 e5 4. e3 e4 5. Nd4 c5 6. Ne2 Nc6 7. d3 exd3 8. cxd3
d5 9. a3 Be7 10. Nd2 O-O 11. Ng3 Be6 12. Be2 d4 13. e4 Bd6 14. O-O Qc7 15. Rc1
a5 16. b4 axb4 17. axb4 Ra2 18. b5 Rxb2 19. bxc6 Bf4 20. Rc2 Rxc2 21. Qxc2 Qxc6
22. Ra1 b5 23. Ngf1 Rc8 24. g3 Bc7 25. Bf3 Bb6 26. e5 Nd5 27. Ne4 Nb4 28. Qd2
Bd5 29. Qg5 Bd8 30. Qg4 Qe6 31. Qh5 Nxd3 32. Nd6 Nxe5 33. Bxd5 Qxd5 34. Re1
Qxd6 35. Rxe5 Bf6 36. Rd5 Qc6 37. Nd2 g6 38. Qf3 Kg7 39. Ne4 Qxd5 40. Qxf6+ Kg8
41. Qh4 Qd8 42. Ng5 h5 43. Qf4 Qc7 44. Qf6 Re8 45. Qa6 Qd7 46. Qa2 c4 47. Qd2
c3 48. Qd3 Qd5 0-1

[Event "OL-NORD WEST 1718 Hamelner SV - Delmenh"]
[Site "?"]
[Date "2017.10.23"]
[Round "2.3"]
[White "Mossakowski, Florian"]
[Black "van Son, Lutz"]
[Result "0-1"]
[WhiteElo "2306"]
[BlackElo "2131"]
[PlyCount "72"]
[EventDate "2017.??.??"]

1. e4 e6 2. d4 d5 3. e5 c5 4. c3 Qb6 5. Nf3 Nc6 6. a3 c4 7. Nbd2 f6 8. Be2 fxe5
9. Nxe5 Nxe5 10. dxe5 Bc5 11. O-O Ne7 12. b4 cxb3 13. Nxb3 O-O 14. Nxc5 Qxc5
15. Qd3 Ng6 16. Be3 Qc7 17. f4 Bd7 18. c4 Bc6 19. cxd5 Bxd5 20. Rac1 Qd7 21. g3
b6 22. Rfd1 Rac8 23. Qa6 Rxc1 24. Rxc1 Ba8 25. Qc4 Nxe5 26. Qb3 Qb7 27. Qxe6+
Kh8 28. Kf2 Qg2+ 29. Ke1 Nf3+ 30. Bxf3 Bxf3 31. Bd4 Qh1+ 32. Kd2 Qxh2+ 33. Kd3
Qxg3 34. Qe5 Bd5+ 35. Kd2 Qxf4+ 36. Qxf4 Rxf4 0-1

[Event "OL-NORD WEST 1718 Hamelner SV - Delmenh"]
[Site "?"]
[Date "2017.10.23"]
[Round "2.4"]
[White "Renner, Kai"]
[Black "Margraf, Daniel"]
[Result "1/2-1/2"]
[WhiteElo "2138"]
[BlackElo "2184"]
[PlyCount "95"]
[EventDate "2017.??.??"]

1. e4 e5 2. Nf3 d6 3. d4 exd4 4. Nxd4 Nf6 5. Nc3 Be7 6. g3 d5 7. e5 Ne4 8. Nxe4
dxe4 9. Bg2 O-O 10. Bxe4 f5 11. Bg2 c5 12. Nb5 Qa5+ 13. Nc3 Rd8 14. Bd2 Qc7 15.
Qe2 Be6 16. h4 h6 17. O-O-O Nc6 18. Bxc6 Qxc6 19. Be3 a6 20. Rxd8+ Rxd8 21. Rd1
Rxd1+ 22. Qxd1 b5 23. Kb1 Bf7 24. b3 Qe6 25. f4 Qc6 26. Bc1 c4 27. Ne2 Qe4 28.
Qd2 Bc5 29. Qd8+ Kh7 30. Qc7 Bg6 31. Qxc5 Qxe2 32. Qe3 Bh5 33. Qxe2 Bxe2 34. a4
cxb3 35. cxb3 bxa4 36. bxa4 Kg6 37. Kc2 Kf7 38. Kc3 Ke6 39. Kd4 Bd1 40. a5 h5
41. Kc5 Kd7 42. Bb2 g6 43. Kb6 Be2 44. Ba3 Bf1 45. Kc5 Be2 46. Kd5 Bf3+ 47. Kc5
Be2 48. Kd5 1/2-1/2

[Event "OL-NORD WEST 1718 Hamelner SV - Delmenh"]
[Site "?"]
[Date "2017.10.23"]
[Round "2.5"]
[White "Steingraeber, Kai Uwe"]
[Black "Schmidt, Dennis"]
[Result "1-0"]
[WhiteElo "2104"]
[BlackElo "2041"]
[PlyCount "111"]
[EventDate "2017.??.??"]

1. d4 Nf6 2. c4 g6 3. Nc3 Bg7 4. e4 d6 5. Nf3 O-O 6. Be2 e5 7. O-O Nc6 8. Be3
Ng4 9. Bg5 f6 10. Bh4 h5 11. h3 Nh6 12. dxe5 dxe5 13. Qxd8 Nxd8 14. Nd5 Ne6 15.
Ne7+ Kf7 16. Nxc8 Raxc8 17. Rfd1 g5 18. Bg3 Ke7 19. Ne1 h4 20. Bh2 Nd4 21. Kf1
Rfd8 22. Rd3 Rd7 23. Rad1 Rcd8 24. f3 Bf8 25. Bg1 Ke6 26. Bxd4 exd4 27. f4 c5
28. Nf3 Rg7 29. b4 b6 30. bxc5 bxc5 31. Rb1 gxf4 32. Nxh4 Rg3 33. Bf3 Nf7 34.
Ra3 Ne5 35. Rxa7 Nxc4 36. Rbb7 Ne3+ 37. Kf2 d3 38. Nf5 Nxf5 39. exf5+ Kxf5 40.
Rd7 Rxd7 41. Rxd7 c4 42. Rc7 Rg7 43. Rxc4 Ra7 44. a4 Ke5 45. Ke1 Rd7 46. Kd2 f5
47. a5 Be7 48. Bc6 f3 49. gxf3 Ra7 50. Ra4 Rc7 51. Bb5 Bg5+ 52. Kxd3 Rb7 53. a6
Rxb5 54. a7 Rd5+ 55. Ke2 Rd2+ 56. Ke1 1-0

[Event "OL-NORD WEST 1718 Hamelner SV - Delmenh"]
[Site "?"]
[Date "2017.10.23"]
[Round "2.6"]
[White "David, Adrian"]
[Black "Steffens, Oliver"]
[Result "1/2-1/2"]
[WhiteElo "2274"]
[BlackElo "2028"]
[PlyCount "34"]
[EventDate "2017.??.??"]

1. Nf3 c5 2. c4 Nf6 3. Nc3 Nc6 4. d4 cxd4 5. Nxd4 g6 6. e4 d6 7. Be2 Bg7 8. Be3
O-O 9. O-O a6 10. Rc1 Bd7 11. f3 Rc8 12. Qd2 Ne5 13. b3 Qa5 14. Rfd1 Rfe8 15.
Bg5 Kf8 16. Be3 Rc7 17. Qb2 Rec8 1/2-1/2

[Event "OL-NORD WEST 1718 Hamelner SV - Delmenh"]
[Site "?"]
[Date "2017.10.23"]
[Round "2.7"]
[White "Thimm, Torsten"]
[Black "Gerstmann, Frank"]
[Result "0-1"]
[WhiteElo "2076"]
[BlackElo "2139"]
[PlyCount "56"]
[EventDate "2017.??.??"]

1. e4 c5 2. c3 d5 3. exd5 Qxd5 4. d4 Nf6 5. Nf3 Bg4 6. Nbd2 e6 7. Qa4+ Nbd7 8.
Bc4 Qf5 9. Ne5 cxd4 10. cxd4 Bd6 11. Bd3 Qh5 12. Ndc4 Bc7 13. Bf4 O-O 14. f3
Nxe5 15. dxe5 Bxf3 16. gxf3 Qxf3 17. Rf1 Qxd3 18. exf6 Qe4+ 19. Be3 Rfd8 20.
Rd1 Bxh2 21. Rxd8+ Rxd8 22. Qb5 Bg3+ 23. Ke2 Qd3+ 24. Kf3 Qxf1+ 25. Kxg3 Qxf6
26. Qxb7 h5 27. Qxa7 Qg6+ 28. Kf2 Qc2+ 0-1